Statistics for 85 самых популярных российских имён

Click here to take the quiz!

General Stats

  • This quiz has been taken 13 474 times
  • The average score is 31 of 85

Answer Stats

Имя% Correct
2Александр
94%
6Иван
85%
22Владимир
81%
5Дмитрий
80%
14Алексей
77%
12Андрей
73%
1Артём
73%
3Максим
72%
8Никита
72%
16Сергей
72%
9Михаил
71%
4Даниил
71%
28Николай
66%
7Кирилл
65%
27Евгений
65%
23Павел
59%
10Егор
58%
17Владислав
58%
13Илья
56%
15Роман
56%
48Олег
55%
37Антон
54%
25Константин
53%
51Пётр
53%
35Георгий
51%
39Игорь
51%
42Григорий
50%
55Василий
47%
18Ярослав
47%
21Денис
46%
52Юрий
45%
45Виктор
45%
70Борис
44%
53Виталий
42%
65Анатолий
38%
11Матвей
38%
20Арсений
38%
41Вячеслав
36%
31Тимур
36%
34Фёдор
36%
40Руслан
35%
76Геннадий
34%
19Тимофей
34%
50Леонид
33%
38Вадим
33%
67Валерий
32%
46Станислав
32%
24Глеб
31%
33Семён
31%
64Святослав
31%
26Богдан
31%
36Лев
30%
44Артур
30%
29Степан
29%
32Марк
29%
30Захар
24%
75Валентин
23%
71Филипп
20%
69Ростислав
20%
47Савелий
19%
49Давид
18%
82Аркадий
17%
68Мирослав
16%
43Макар
16%
58Назар
14%
60Марат
14%
54Мирон
13%
62Герман
12%
63Игнат
11%
57Елисей
11%
59Родион
11%
56Всеволод
10%
61Платон
10%
84Тарас
9%
66Тихон
8%
73Клим
6%
78Прохор
6%
79Серафим
5%
80Савва
5%
72Демьян
4%
74Гордей
4%
77Демид
4%
85Трофим
4%
81Яромир
3%
83Архип
3%

Score Distribution

Percentile by Number Answered

Percent of People with Each Score

Your Score History

You have not taken this quiz